000 00753cam a22002533a 4500
001 15575
003 PGUSA
005 20140828083331.0
008 050406s2005||||xxu|||||s|||||000 1 eng d
040 _aPGUSA
_beng
042 _adc
050 4 _aPZ
100 1 _aPotter, Beatrix,
_d1866-1943
245 1 4 _aThe Tale of Samuel Whiskers :
_bOr, The Roly-Poly Pudding
_h[electronic resource] /
_cBeatrix Potter
260 _bProject Gutenberg,
_c2005
506 _aPublic domain in the USA.
516 _aElectronic text
653 _aChildren's stories, English
653 _aCats -- Juvenile fiction
653 _aRats -- Juvenile fiction
830 0 _aProject Gutenberg
_v15575
856 4 0 _uhttp://www.gutenberg.org/ebooks/15575
942 _cEB
999 _c244830
_d244830